[Event "African Online-ch Open 2021"]
[Site "Online"]
[Date "2021.02.01"]
[Round "8.12"]
[White "Hamzaoui, Khalil"]
[Black "Mwashe, Philip"]
[Result "1-0"]
[WhiteElo "1883"]
[BlackElo "1756"]
[Annotator "NA RC"]
[PlyCount "91"]
[EventDate "2021.02.01"]
[EventType "swiss"]
[EventCountry "NET"]
[SourceTitle "playchess.com"]
[Source "ChessBase"]
[SourceQuality "1"]
[TimeControl "1500+10"]

1. Nf3 {[%emt 0:00:00]} Nf6 {[%emt 0:00:04]} 2. g3 {[%emt 0:00:05]} g6 {[%emt 0:00:03]} 3. Bg2 {[%emt 0:00:02]} Bg7 {[%emt 0:00:02]} 4. O-O {[%emt 0:00:01]} d6 {[%emt 0:00:04]} 5. d4 {[%emt 0:00:03]} O-O {[%emt 0:00:03]} 6. c4 {[%emt 0:00:02]} c6 {[%emt 0:00:43]} 7. Nc3 {[%emt 0:00:04]} d5 {[%emt 0:00:03]} 8. cxd5 {[%emt 0:01:22]} cxd5 {[%emt 0:00:05]} 9. Ne5 {[%emt 0:00:02]} e6 {[%emt 0:00:43]} 10. Bg5 {[%emt 0:01:08]} Nbd7 {[%emt 0:00:10]} 11. Qd2 {[%emt 0:00:09]} a6 {[%emt 0:00:16]} 12. Rac1 {[%emt 0:01:37]} Qb6 {[%emt 0:02:00]} 13. Na4 {[%emt 0:02:05]} Qa7 {[%emt 0:00:18]} 14. Nc5 {[%emt 0:04:22]} Nxe5 {[%emt 0:01:21]} 15. dxe5 {[%emt 0:00:13]} Nd7 {[%emt 0:00:06]} 16. Nxd7 {[%emt 0:01:36]} Bxd7 {[%emt 0:00:04]} 17. Bf6 {[%emt 0:00:03]} Rac8 {[%emt 0:00:43]} 18. h4 {[%emt 0:00:13]} Qb8 {[%emt 0:00:08]} 19. Qf4 {[%emt 0:00:10]} Bb5 {[%emt 0:00:36]} 20. h5 {[%emt 0:00:37]} Bxe2 {[%emt 0:01:18]} 21. Bxg7 {[%emt 0:00:22]} Rxc1 {[%emt 0:01:16]} 22. Rxc1 {[%emt 0:00:14]} Rc8 {[%emt 0:07:10]} 23. Rxc8+ {[%emt 0:00:12]} Qxc8 {[%emt 0:00:05]} 24. Bh6 {[%emt 0:00:28]} Qd8 {[%emt 0:00:13]} 25. hxg6 {[%emt 0:00:36]} hxg6 {[%emt 0:00:42]} 26. Bg5 {[%emt 0:00:09]} Qf8 {[%emt 0:00:19]} 27. Bf6 {[%emt 0:00:05]} Kh7 {[%emt 0:00:13]} 28. Bg5 {[%emt 0:00:43]} Qg7 {[%emt 0:00:35]} 29. Qh4+ {[%emt 0:00:05]} Kg8 {[%emt 0:00:06]} 30. Bf6 {[%emt 0:00:05]} Qh7 {[%emt 0:00:04]} 31. Qa4 {[%emt 0:00:24]} Bb5 {[%emt 0:00:16]} 32. Qa5 {[%emt 0:00:05]} Qh6 {[%emt 0:00:10]} 33. Qd8+ {[%emt 0:00:23]} Qf8 {[%emt 0:00:05]} 34. Qc7 {[%emt 0:00:03]} Bc6 {[%emt 0:00:21]} 35. Qb6 {[%emt 0:00:46]} Qh6 {[%emt 0:00:19]} 36. Qd8+ {[%emt 0:01:55]} Qf8 {[%emt 0:00:06]} 37. Qxf8+ {[%emt 0:00:02]} Kxf8 {[%emt 0:00:02]} 38. Kf1 {[%emt 0:00:03]} Ke8 {[%emt 0:00:07]} 39. Ke2 {[%emt 0:00:02]} Kd7 {[%emt 0:00:04]} 40. Kd3 {[%emt 0:00:03]} Kc7 {[%emt 0:00:05]} 41. Kd4 {[%emt 0:00:10]} b6 {[%emt 0:00:07]} 42. f4 {[%emt 0:00:04]} Kd7 {[%emt 0:00:05]} 43. g4 {[%emt 0:00:05]} Kc7 {[%emt 0:00:07]} 44. Bf1 {[%emt 0:00:09]} b5 {[%emt 0:00:07]} 45. Kc5 {[%emt 0:00:05]} Bb7 {[%emt 0:00:07]} 46. Bd3 {[%emt 0:00:06]} 1-0

[Event "African Online-ch Open 2021"]
[Site "Online"]
[Date "2021.02.01"]
[Round "8.13"]
[White "Vermaak, Ashley Christopher"]
[Black "Abdelazeez, Mohamed Abdalla"]
[Result "1-0"]
[WhiteElo "1751"]
[BlackElo "2214"]
[Annotator "TA"]
[PlyCount "91"]
[EventDate "2021.02.01"]
[EventType "swiss"]
[EventCountry "NET"]
[SourceTitle "playchess.com"]
[Source "ChessBase"]
[SourceQuality "1"]

{[%evp 10,91,29,24,34,15,17,13,99,86,91,100,132,135,312,318,358,318,298,286,287,284,284,284,284,281,280,270,270,268,270,270,265,260,276,293,294,293,333,335,350,335,417,410,425,414,520,468,492,470,461,467,454,444,444,345,323,282,604,598,803,806,972,728,946,642,849,809,829,827,976,960,837,702,1134,1081,5177,5077,29983,29984,29984,29985,5397,721]} 1. d4 d5 2. c4 c6 3. Nf3 Nf6 4. Nc3 a6 5. e3 Bf5 6. Qb3 b5 {D15: Slav Defence: 4 Nc3 a6 and gambit lines after 4 Nc3 dxc4.} 7. cxd5 cxd5 8. a4 bxa4 (8... b4 $1 $11 9. Nh4 (9. Qxb4 Nc6 $11) 9... bxc3 10. Nxf5 e6) 9. Qb7 $16 Nbd7 {[#]} 10. Ne5 $146 ({Much weaker is} 10. Bxa6 $6 e6 $11) ({Predecessor:} 10. Bxa6 e6 11. Ne5 Nxe5 12. dxe5 Nd7 13. Bb5 Rb8 14. Bxd7+ Ke7 15. Qa7 Ra8 16. Qc5+ Kxd7 17. Qb5+ Ke7 18. e4 dxe4 19. Bg5+ f6 20. exf6+ gxf6 21. Qb7+ Qd7 {1-0 (21) Senk,C (2162)-Jenisch,A (1850) St Leon Rot 2011}) 10... Rb8 11. Qxa6 {aiming for Nc6.} e6 $2 (11... Nxe5 $16 12. dxe5 Ng4) 12. Nc6 $18 {[%mdl 64] [#] Double Attack} ({Weaker is} 12. Rxa4 Nxe5 13. dxe5 Nd7 $11) ({Less strong is} 12. Qxa4 Rb4 $16) 12... Qb6 {If only Black now had time for ...Qxa6....} 13. Nxb8 Qxb8 14. Rxa4 {Black must now prevent Qc6.} Bd6 15. Qa8 O-O 16. Qxb8 Rxb8 17. Nb5 Bf8 18. Be2 Nb6 19. Ra7 Nc4 20. Bxc4 dxc4 21. Nc3 Bd3 22. f3 h5 23. Kf2 g5 24. Ra5 g4 25. Rb5 Ra8 26. e4 Ra1 {If Black can now play ...Bh6 this consolidates a bit.} 27. Re1 h4 28. Bd2 Ra6 29. Rb8 Kg7 {[#]} 30. Bh6+ $1 {[%mdl 576] Deflection} Kxh6 31. Rxf8 Rb6 32. Nd1 Kg7 33. Rc8 gxf3 $2 (33... Rb3 34. e5 Nd5 35. fxg4 Ne7) 34. gxf3 Nh5 35. Rg1+ Kf6 36. Rg4 Bc2 37. Ke1 Bxd1 38. Kxd1 Rxb2 39. Rxh4 {[%mdl 4096] Endgame KRR-KRN} Kg5 40. Rg4+ Kf6 41. h4 Rf2 42. Rc5 e5 43. Rxe5 Ng7 44. Rf4+ Kg6 45. Rg5+ Kh6 46. Rf6+ {White took control after the opening.  Weighted Error Value: White=0.23/Black=0.44} 1-0

[Event "African Online-ch Open 2021"]
[Site "Online"]
[Date "2021.02.01"]
[Round "8.14"]
[White "Alberto, Manuel"]
[Black "Fernandes, Avelino"]
[Result "1-0"]
[WhiteElo "2167"]
[BlackElo "1887"]
[Annotator "TA"]
[PlyCount "39"]
[EventDate "2021.02.01"]
[EventType "swiss"]
[EventCountry "NET"]
[SourceTitle "playchess.com"]
[Source "ChessBase"]
[SourceQuality "1"]

{[%evp 9,39,60,70,43,61,59,66,75,100,85,116,78,71,64,90,65,65,53,124,120,216,115,115,62,212,206,651,634,606,614,29995,29996]} 1. e4 c6 2. d4 e6 3. c4 d5 4. Nc3 Nf6 5. e5 Nfd7 6. f4 {D31: Queen's Gambit Declined: Semi-Slav without ...Nf6 (+ Marshall Gambit and Noteboom) and Exchange Variation lines without ...Nf6.} dxc4 7. Bxc4 b5 8. Bd3 {White is slightly better.} Nb6 {[#]} 9. Nf3 $146 ({Predecessor:} 9. Nge2 Bb7 10. O-O N8d7 11. Be3 a6 12. Ng3 c5 13. f5 Nd5 14. Nxd5 Bxd5 15. Rc1 {½-½ (62) Krestinine,M (1450)-Couradin,J (1671) Montigny le Bretonneux 2011}) 9... Na6 10. O-O Nb4 11. Be4 a6 12. Ne2 N4d5 13. Ng3 c5 (13... g6 $14) 14. f5 $16 {Black must now prevent Ng5.} Be7 (14... h6 $16) 15. fxe6 ({White should play} 15. f6 $18 gxf6 16. exf6) 15... Bxe6 16. Nf5 (16. Qe1 $16) 16... O-O {This move loses the game for Black.} (16... Bxf5 $14 17. Bxf5 O-O) 17. Nxe7+ $18 Qxe7 $2 {[#]} (17... Nxe7 18. Bxa8 (18. dxc5 Nbd5 $18) 18... Qxa8 19. dxc5 Nbd5) 18. Bxh7+ $1 {[%mdl 512]} Kxh7 19. Ng5+ Kg6 20. Qd3+ {Weighted Error Value: White=0.13/Black=1.18} 1-0

[Event "African Online-ch Open 2021"]
[Site "Online"]
[Date "2021.02.01"]
[Round "8.15"]
[White "Strovsky, Mikhail"]
[Black "Calicoca, Wilton Inacio"]
[Result "0-1"]
[WhiteElo "2164"]
[BlackElo "2122"]
[Annotator "TA"]
[PlyCount "72"]
[EventDate "2021.02.01"]
[EventType "swiss"]
[EventCountry "NET"]
[SourceTitle "playchess.com"]
[Source "ChessBase"]
[SourceQuality "1"]

{[%evp 11,72,18,16,1,12,4,11,0,0,-18,4,-27,0,-33,53,38,69,48,120,62,147,141,167,0,29,0,0,0,0,-360,-340,-331,-343,-330,-338,-323,-334,-329,-331,-745,-250,-498,-501,-463,-495,-499,-497,-494,-486,-600,-454,-572,-586,-1260,-1209,-1370,-1368,-29995,-29996,-29996,-29988,-29988,-731]} 1. e4 c5 2. Nf3 d6 3. Bb5+ Bd7 4. Bxd7+ Nxd7 5. O-O Ngf6 6. d3 e6 7. Bg5 {B52: Sicilian: Moscow Variation with 3...Bd7.} Be7 8. Re1 Qc7 {[#]} 9. Nbd2 $146 {The position is equal.} ({Predecessor:} 9. c4 O-O 10. Nc3 a6 11. a4 Rfd8 12. Bf4 Nh5 13. Qd2 Nxf4 14. Qxf4 Bf6 15. Rad1 {½-½ (31) Hristodoulou,D-Sandalakis,A Kavala 1999}) 9... h6 10. Be3 Ng4 11. Qe2 O-O-O 12. h3 Nge5 (12... Nxe3 $15 13. Qxe3 Bf6) 13. Nxe5 dxe5 14. Nc4 f5 (14... h5 $14) 15. a4 (15. exf5 $16 exf5 16. Bd2) 15... g5 {[#]} (15... f4 $1 $14) 16. exf5 $1 $16 exf5 17. f4 $2 ({White should try} 17. Bd2 $18) 17... Bf6 18. fxe5 Nxe5 19. Qf2 f4 20. Kh1 $2 {[%mdl 8192] Black continues to play with concentration.} (20. Nxe5 $11 {and White is okay.} Bxe5 21. Bxc5) 20... Nxc4 $19 {[%mdl 64] [#] Discovered Attack} 21. dxc4 Bxb2 22. Rab1 Bc3 ({Don't play} 22... fxe3 23. Qf5+ Kb8 24. Rxb2 $19) 23. Bxc5 Bxe1 24. Rxe1 {If White can now play Be7 this consolidates a bit.} b6 {[%cal Bb7b6,Bb6c5][%mdl 32]} 25. Qf3 $2 (25. Bd4 Rhe8 26. Rb1) 25... Kb8 $2 ({Not} 25... bxc5 26. Qa8+ Qb8 27. Qc6+ Qc7 28. Qa8+ Qb8 29. Qc6+ Qc7 30. Qa8+ $11) (25... Qxc5 26. Qa8+ Kc7 27. Qxa7+ Kc6) 26. Bb4 $2 (26. Be7 Rhe8 27. Qe4) 26... Rhe8 27. Rxe8 Rxe8 {[%mdl 4096] Endgame KQR-KQB} 28. c5 bxc5 29. Bd2 c4 30. Qd5 {Threatens to win with Qb5+.} Qb7 31. Qd6+ Ka8 32. Bb4 f3 33. Kg1 fxg2 {( -> ...Qf3)} 34. Bc5 Re1+ {Black mates.} 35. Kh2 Rh1+ 36. Kg3 g1=Q+ {Accuracy: White = 37%, Black = 55%.} (36... g1=R+ $142 37. Bxg1 Rxg1+ 38. Kf2 Qg2+ {[%mdl 64] Double Attack} 39. Ke3 Re1+ 40. Kd4 Rd1+ {[%mdl 64] Skewer} 41. Kc5 Qf2+ 42. Kb4 Rxd6 43. a5 Qxc2 44. Kc5 Qd3 45. h4 Rd5+ 46. Kc6 c3 47. hxg5 Qc4#) 0-1

[Event "African Online-ch Open 2021"]
[Site "Online"]
[Date "2021.02.01"]
[Round "8.16"]
[White "Simpson, Michael M"]
[Black "Cambando, Jose"]
[Result "1-0"]
[WhiteElo "1995"]
[BlackElo "2128"]
[Annotator "TA"]
[PlyCount "151"]
[EventDate "2021.02.01"]
[EventType "swiss"]
[EventCountry "NET"]
[SourceTitle "playchess.com"]
[Source "ChessBase"]
[SourceQuality "1"]

{[%evp 9,151,35,33,33,25,23,32,31,55,49,58,43,49,32,75,75,127,98,110,92,136,97,133,131,131,142,127,108,143,137,153,132,126,114,114,109,103,76,145,139,168,180,191,191,201,121,149,141,188,130,150,144,281,257,283,260,275,273,262,267,199,166,143,141,402,422,430,407,396,406,454,461,430,227,320,324,669,658,591,557,504,409,727,640,1022,954,957,948,873,830,791,734,702,628,1242,1298,1214,1215,1132,1079,1016,0,800,789,775,734,704,625,10037,12634,29977,29977,29982,29982,29983,6403,29983,29981,29980,29981,29983,29982,29985,29986,29988,29989,29989,29989,29989,12848,12850,12848,12849,12849,12850,12849,12850,12850,12850,27999,27998,27998,27999,27999]} 1. e4 c5 2. Nc3 d6 3. f4 Nf6 4. Nf3 e6 5. Bb5+ Nc6 6. Bxc6+ {B23: Closed Sicilian: Lines without g3.} bxc6 7. d3 $1 {The main line 7.d3 scores better than 7.0-0.} d5 8. O-O {White is slightly better.} Rb8 {[#]} 9. Re1 $146 ({Predecessor:} 9. b3 Be7 10. e5 Nd7 11. Bd2 O-O 12. Qe2 Re8 13. Rae1 Nf8 14. Ng5 h6 15. Nh3 {0-1 (48) Baldursson,R (1890)-Nolsoe,E (2197) Faroe Islands 2013}) 9... Be7 10. b3 O-O 11. e5 Ne8 12. Na4 g6 (12... Nc7 $142) 13. Be3 d4 14. Bc1 Ng7 15. Nd2 f5 16. exf6 Rxf6 17. Ne4 Rf5 18. g4 Rd5 19. Nb2 Ba6 20. Nc4 Bxc4 21. bxc4 Rd7 22. Bd2 Qc7 23. Rb1 Rb6 ({Black should play} 23... Rxb1 24. Qxb1 Qc8) 24. Rb3 $16 Rb7 25. Qe2 Qd8 26. Reb1 Rxb3 27. Rxb3 (27. cxb3 Qf8 $16) 27... h5 28. h3 Qc7 29. Qf2 (29. Qf1 $18) 29... Rd8 30. Qe1 {Strongly threatening Ba5.} Rf8 {[#]} (30... Re8 $16 31. Qf1 Rb8) 31. Qb1 $1 $18 hxg4 32. Rb7 {[%mdl 64] Zwischenzug} (32. hxg4 e5 $11) 32... Qd8 33. hxg4 e5 34. Rxa7 ({Less strong is} 34. fxe5 Qc8 $16) 34... Qc8 35. Nf2 (35. Rxe7 Qxg4+ 36. Kf1 Qh3+ 37. Kg1 Qg4+ 38. Kf1 Qh3+ 39. Kg1 Qg4+ $11) 35... Bh4 {[#]} 36. Qb7 $1 $36 {[%csl Ga7][%cal Rb7g7][%mdl 2048] White has strong initiative.} Bxf2+ $4 {[%mdl 8192]} (36... Qxb7 $16 {keeps fighting.} 37. Rxb7 Ne6) 37. Kxf2 {[%csl Ga7][%cal Rb7g7]} Qxb7 38. Rxb7 exf4 $16 {[%mdl 4096] Endgame KRB-KRN} 39. a4 g5 {Now ...Ra8 and Black clings on.} 40. a5 Ra8 41. Rb6 (41. Re7 $142) 41... Kf7 (41... Ne6 {was necessary.} 42. Rxc6 Kf7) 42. a6 $18 ({Don't take} 42. Rxc6 $6 Ne6 $18) 42... Ne6 $2 (42... Kf6 43. Rxc6+ Ne6) 43. Rb7+ Kf6 44. a7 Nd8 45. Rc7 Ke6 (45... Nf7 $142 46. Rxc6+ {[%mdl 64] Double Attack} Ke7 47. Rc7+ (47. Rxc5 Rxa7 48. Bb4 Ke6 $18) 47... Kf6) 46. Ba5 Kd6 47. Rg7 Ne6 48. Rb7 Nf8 49. Bc7+ Ke6 50. Bb8 Nd7 51. Kf3 Ne5+ 52. Bxe5 Kxe5 {KR-KR} 53. Rc7 Kd6 54. Rg7 Ke6 55. Rb7 Ke5 $1 56. Kf2 Ke6 57. Rg7 Kd6 58. Rg6+ Kc7 59. Rxg5 Kb6 60. Rg7 Rf8 61. Kf3 Ka5 62. Rf7 Ra8 63. Kxf4 Kb4 64. g5 Kc3 65. g6 Kxc2 66. g7 Rg8 67. Rf8 Rxg7 68. a8=Q Kxd3 69. Qxc6 (69. Qa3+ $142 Ke2 70. Re8+ Kd2 71. Rb8 Rf7+ 72. Ke5 Re7+ 73. Kf6 Rf7+ 74. Kxf7) 69... Kxc4 70. Qa4+ Kd3 71. Qb3+ Kd2 72. Qc4 {Threatening mate with Rb8.} Rc7 73. Rd8 {White threatens Rb8 and mate.} Rc6 {[#]} 74. Rxd4+ $1 cxd4 75. Qxc6 d3 76. Kf3 {Weighted Error Value: White=0.21/Black=0.53} 1-0

[Event "African Online-ch Open 2021"]
[Site "Online"]
[Date "2021.02.01"]
[Round "8.17"]
[White "Ndegwa, Jackson Kamau"]
[Black "Mosutha, Thuso"]
[Result "1-0"]
[WhiteElo "2001"]
[BlackElo "2036"]
[Annotator "TA"]
[PlyCount "111"]
[EventDate "2021.02.01"]
[EventType "swiss"]
[EventCountry "NET"]
[SourceTitle "playchess.com"]
[Source "ChessBase"]
[SourceQuality "1"]

{[%evp 9,111,-1,-13,-47,-50,-62,-34,-51,-35,-31,-27,-11,-5,-25,-10,-25,-30,-26,-22,-47,-38,-38,-39,-33,-31,-29,-14,-73,-73,-70,-77,-66,-66,-101,-105,-450,-115,-245,-20,-16,-22,-110,-111,-133,-132,-141,-70,-91,-92,-96,-38,-58,-46,-50,-40,-39,-40,-90,-76,-89,-75,-149,-159,-254,-181,-637,-137,-173,-176,-205,-207,-196,-187,-183,0,-134,-132,-149,-121,-169,-163,-164,-142,-127,0,0,0,-58,0,0,0,-20,16,0,0,-8,27,33,60,89,277,276,29984,29985]} 1. e4 c5 2. f4 d5 3. exd5 Nf6 4. Nc3 Nxd5 5. Nxd5 Qxd5 6. Ne2 {B21: Sicilian: 2 f4 and Morra Gambit.} (6. Qf3 {is interesting.} Qe6+ 7. Qe3 Nc6 8. Nf3 g6 9. Bb5) 6... Nc6 {[%cal Bb8c6,Bc6d4,Bd4e2][%mdl 32]} 7. Nc3 {[#]} Qd6 $146 (7... Qe6+ {keeps more tension.} 8. Be2 Nd4 9. O-O g6 10. Bf3 Bg7) ({Predecessor:} 7... Qd8 8. Bc4 Bf5 9. O-O Qd4+ 10. Kh1 Qxc4 11. d3 Qd4 12. Nb5 Qd8 13. Be3 e6 {½-½ (38) Rahimi,R (1082)-Hoepfner,T (1265) Willingen 2006}) 8. d3 {Black is slightly better.} Bf5 9. Be2 e6 10. O-O {And now g4 would win.} Nd4 11. Ne4 Qd7 12. c3 Nxe2+ 13. Qxe2 Rd8 14. Rd1 Be7 15. Be3 Qc6 16. Ng3 Bg6 17. d4 O-O 18. Qg4 (18. dxc5 $11 {remains equal.} Bxc5 19. Bxc5 Qxc5+ 20. Qf2) 18... cxd4 $17 19. Bxd4 Bc5 20. f5 Bxd4+ 21. cxd4 exf5 22. Nxf5 {[%mdl 8192] [#]} (22. Qf4 $17) 22... Qd7 $2 (22... Qe6 $1 $19 {is more deadly.} 23. d5 Bxf5 24. dxe6 Bxg4 25. exf7+ Kxf7 26. Rf1+ Kg6 27. Rxf8 Rxf8) 23. Ne3 (23. Rf1 $17) 23... Rfe8 $2 (23... Qxg4 $19 24. Nxg4 Bh5) 24. Qxd7 $11 Rxd7 25. Nc4 (25. Kf2 $11 {keeps the balance.}) 25... f6 $17 26. Rd2 Red8 27. Na5 Be4 (27... Rxd4 $17 28. Rxd4 Rxd4) 28. Nb3 b6 29. Kf2 a5 (29... Bg6 $17) 30. Rad1 Bd5 31. Nc1 $1 Kf7 32. b3 g5 $36 {[%mdl 2048] Black fights for an advantage.} 33. Ke3 Re8+ 34. Kf2 Rde7 35. Ne2 {[#]} (35. g3 $142) 35... Bxg2 $1 {[%mdl 512]} 36. d5 (36. Nc3 $17 Bb7 37. d5) 36... Bh3 {...Rxe2+! is the strong threat.} 37. d6 $2 {[#]} (37. Nc3) 37... Rd7 $2 (37... Rxe2+ $1 $19 {[%mdl 512] and Black stays clearly on top.} 38. Rxe2 Rxe2+ 39. Kxe2 Bg4+ {[%mdl 64] Skewer} 40. Ke1 Bxd1 41. Kxd1 Ke6) 38. Nc3 Bg4 39. Re1 Rxe1 40. Kxe1 $19 {[%mdl 4096] Endgame KRB-KRN} Ke6 41. Nb5 Kf7 $2 ({Black should play} 41... Ke5 $19 42. Rd3 Bf5 43. Re3+ Kd5) 42. Kf2 (42. Nc3 $1 $11 {was the only way to keep the balance.}) 42... h5 43. Ke3 Be6 44. Kd4 h4 45. Ke4 Rd8 46. Nc7 Rd7 (46... Bd7 $17 47. a3 f5+ 48. Ke5 f4) 47. Na8 (47. Nb5 {with more complications.}) 47... b5 48. Nc7 (48. Nb6 $1 $11 Rd8 49. d7) 48... b4 ({Black should try} 48... Rd8 $15) 49. Na6 $1 $11 Rd8 50. Nc5 g4 51. Nb7 Rd7 {[%cal Rd7b7]} 52. Nxa5 g3 53. hxg3 hxg3 54. Kf3 $1 Ra7 $2 (54... Ke8 $16) 55. Nc6 $18 {[%mdl 64] Double Attack} Rb7 (55... Rd7 $18 56. Nxb4 (56. Kxg3 Ke8 $18) 56... Rd8 57. Kxg3 Bc8) 56. Nd8+ {[%mdl 64] Double Attack. What a fight!  Weighted Error Value: White=0.48/Black=0.58} 1-0

[Event "African Online-ch Open 2021"]
[Site "Online"]
[Date "2021.02.01"]
[Round "8.18"]
[White "Bongo Akanga Ndjila, Barthelemy"]
[Black "Khalema, Sechaba"]
[Result "1-0"]
[WhiteElo "1803"]
[BlackElo "1827"]
[Annotator "NA RC"]
[PlyCount "93"]
[EventDate "2021.02.01"]
[EventType "swiss"]
[EventCountry "NET"]
[SourceTitle "playchess.com"]
[Source "ChessBase"]
[SourceQuality "1"]
[TimeControl "1500+10"]

1. d4 {[%emt 0:00:00]} d5 {[%emt 0:00:16]} 2. Nf3 {[%emt 0:00:50]} Nf6 {[%emt 0:00:05]} 3. Bg5 {[%emt 0:00:39]} e6 {[%emt 0:00:20]} 4. e3 {[%emt 0:00:39]} c5 {[%emt 0:00:05]} 5. Nbd2 {[%emt 0:00:23]} Nc6 {[%emt 0:00:08]} 6. c3 {[%emt 0:00:04]} Qb6 {[%emt 0:00:10]} 7. Qc2 {[%emt 0:00:22]} Be7 {[%emt 0:00:04]} 8. Bd3 {[%emt 0:01:13]} h6 {[%emt 0:01:11]} 9. Bh4 {[%emt 0:00:06]} Bd7 {[%emt 0:00:50]} 10. Ne5 {[%emt 0:01:37]} Rc8 {[%emt 0:01:34]} 11. Nxd7 {[%emt 0:00:19]} Nxd7 {[%emt 0:00:13]} 12. Bxe7 {[%emt 0:00:12]} Nxe7 {[%emt 0:00:04]} 13. Nf3 {[%emt 0:04:10]} O-O {[%emt 0:01:40]} 14. O-O {[%emt 0:01:22]} c4 {[%emt 0:00:13]} 15. Be2 {[%emt 0:00:04]} f5 {[%emt 0:00:04]} 16. b3 {[%emt 0:00:40]} cxb3 {[%emt 0:00:07]} 17. axb3 {[%emt 0:00:03]} a6 {[%emt 0:00:05]} 18. c4 {[%emt 0:00:19]} Nf6 {[%emt 0:00:04]} 19. Ne5 {[%emt 0:00:05]} Nc6 {[%emt 0:00:17]} 20. Ng6 {[%emt 0:02:17]} Rfe8 {[%emt 0:00:30]} 21. c5 {[%emt 0:00:19]} Qc7 {[%emt 0:00:05]} 22. Bf3 {[%emt 0:01:05]} Qf7 {[%emt 0:00:10]} 23. Nf4 {[%emt 0:00:06]} g5 {[%emt 0:00:06]} 24. Nd3 {[%emt 0:00:19]} g4 {[%emt 0:00:03]} 25. Be2 {[%emt 0:00:06]} e5 {[%emt 0:00:28]} 26. dxe5 {[%emt 0:00:13]} Nxe5 {[%emt 0:00:05]} 27. Nf4 {[%emt 0:00:02]} Kg7 {[%emt 0:00:07]} 28. b4 {[%emt 0:00:05]} Nc6 {[%emt 0:00:25]} 29. b5 {[%emt 0:00:10]} axb5 {[%emt 0:00:05]} 30. Bxb5 {[%emt 0:00:03]} Ne4 {[%emt 0:01:03]} 31. Rfd1 {[%emt 0:00:22]} Red8 {[%emt 0:00:09]} 32. Qb2+ {[%emt 0:00:53]} Kh7 {[%emt 0:00:04]} 33. Rac1 {[%emt 0:06:09]} h5 {[%emt 0:01:13]} 34. Be2 {[%emt 0:00:52]} Rd7 {[%emt 0:00:19]} 35. f3 {[%emt 0:00:06]} Nf6 {[%emt 0:00:28]} 36. fxg4 {[%emt 0:00:51]} hxg4 {[%emt 0:00:05]} 37. Bd3 {[%emt 0:00:40]} Ne4 {[%emt 0:00:07]} 38. Bxe4 {[%emt 0:00:02]} dxe4 {[%emt 0:00:06]} 39. Qf2 {[%emt 0:00:42]} Rcd8 {[%emt 0:00:12]} 40. Qh4+ {[%emt 0:00:07]} Kg8 {[%emt 0:00:09]} 41. Qg5+ {[%emt 0:00:22]} Kh7 {[%emt 0:00:04]} 42. Qh4+ {[%emt 0:00:40]} Kg8 {[%emt 0:00:09]} 43. Qg5+ {[%emt 0:00:04]} Kh7 {[%emt 0:00:07]} 44. Rxd7 {[%emt 0:00:55]} Rxd7 {[%emt 0:00:07]} 45. Nh5 {[%emt 0:00:08]} Rd2 {[%emt 0:00:30]} 46. Nf6+ {[%emt 0:00:20]} Kh8 {[%emt 0:00:05]} 47. Qh6+ {[%emt 0:00:02]} 1-0

[Event "African Online-ch Open 2021"]
[Site "Online"]
[Date "2021.02.01"]
[Round "8.19"]
[White "Sang, Ricky"]
[Black "Libe, Sofonea"]
[Result "1-0"]
[WhiteElo "1991"]
[BlackElo "1509"]
[Annotator "TA"]
[PlyCount "103"]
[EventDate "2021.02.01"]
[EventType "swiss"]
[EventCountry "NET"]
[SourceTitle "playchess.com"]
[Source "ChessBase"]
[SourceQuality "1"]

{[%evp 14,102,25,36,52,14,15,0,54,55,67,56,79,92,83,60,76,53,69,46,104,45,52,42,60,43,49,25,53,-11,-14,-12,-6,-17,-3,-33,12,-36,-17,-28,0,0,0,-118,-123,-119,-62,-52,-44,-45,-55,-54,-29,-189,-68,-66,-77,-95,0,-10,-12,-14,0,0,0,0,0,0,0,0,0,0,0,0,833,790,689,0,0,0,0,0,0,0,12,0,27,0,29998,29999,29999]} 1. d4 d5 2. Bf4 e6 3. e3 Nf6 4. Nd2 Bd6 5. Bg3 c5 6. c3 Nc6 7. Ngf3 cxd4 8. exd4 a6 {[#] D02: 1 d4 d5 2 Nf3 sidelines, including 2...Nf6 3 g3 and 2...Nf6 3 Bf4.} 9. Ne5 $146 ({Predecessor:} 9. Bd3 b5 10. b4 Bb7 11. a4 bxa4 12. Qxa4 O-O 13. O-O Bxg3 14. hxg3 Qd6 15. Rfe1 Nd7 16. Qc2 {1-0 (73) Trivedi Karan,R (1956)-Patel,P (1830) Ahmedabad 2020}) 9... Qc7 {[%cal Rc6e5]} 10. f4 b5 ({Black should try} 10... O-O $11) 11. Bd3 $14 Bb7 12. Qe2 Rc8 13. O-O O-O 14. Rac1 Ne7 15. Bf2 Nd7 16. Qh5 {[%csl Gd3][%cal Rh5h7]} Ng6 ({Better is} 16... Nf6 $14 17. Qe2 g6) 17. Be3 (17. Bh4 $16) 17... Nf6 18. Qf3 Qe7 19. g4 Nh4 20. Qh3 Ne4 21. Ndf3 (21. f5 $14) 21... Nxf3+ $11 22. Nxf3 f6 23. Rce1 Rce8 24. Bc1 e5 25. Nh4 Qd7 26. Nf5 Bc7 (26... exd4 {is more complex.} 27. cxd4 Bc7 28. Re2 Rc8 29. Be3 Kh8) 27. fxe5 fxe5 28. Ng3 (28. Be3 $11) 28... exd4 $17 29. cxd4 Bxg3 (29... g6 $17 30. Ne2 Rxf1+ 31. Rxf1 Bc8) 30. hxg3 $15 Rxf1+ 31. Rxf1 Bc8 32. Rf4 Qe7 33. Bd2 $2 {[#]} g6 (33... g5 $1 $19 {[%cal Rg5f4]} 34. Bxe4 dxe4) 34. Bxe4 dxe4 35. Be3 {[#]} Rf8 (35... Qb4 $1 $17 {[%cal Rb4e1] ...Qe1+ is the strong threat.} 36. Kh2 Qxb2+ 37. Rf2 Qb4) 36. Qg2 (36. Qh6 {looks sharper.} Qb4 37. Rxf8+ Qxf8 38. Qg5 Qd6 39. Kg2) 36... Rxf4 37. gxf4 Bb7 38. f5 Qg7 39. Qf2 gxf5 40. Qxf5 Qf7 41. Qg5+ Qg7 42. Qd8+ Qf8 43. Qc7 Qg7 $2 {[%mdl 8192]} (43... Bc8 $11) 44. Qb8+ $18 Qf8 45. Qe5 $2 (45. Qxb7 $18 Qf3 46. Qd5+ Kh8 47. Qe5+ Kg8 48. Qg5+ Kf7 49. d5) 45... Qg7 46. Qe6+ ({Weaker is} 46. Qb8+ Qf8 $18) 46... Qf7 47. Qe5 Qg7 48. Qh5 ({Not} 48. Qb8+ Qf8 $18) 48... Bc8 49. Qd5+ Kh8 50. Bg5 {Threatening mate with Qd8+.} (50. g5 $5 {[%cal Re3f4]} Qe7 51. Bf4 $11) 50... Bb7 $2 {[%mdl 8192]} (50... h6 $11 51. Qd8+ Kh7) 51. Qd8+ Qg8 52. Bf6# {Weighted Error Value: White=0.42/Black=0.38} 1-0